[Event "ESP-ch U12"]
[Site "Salobrena"]
[Date "2020.07.29"]
[Round "5"]
[White "Iribas Garayoa, Miguel"]
[Black "Bercaru, Vlad Ionut"]
[Result "0-1"]
[WhiteElo "1163"]
[BlackElo "1527"]
[PlyCount "68"]
[EventDate "2020.07.27"]
[EventType "swiss"]
[EventRounds "9"]
[EventCountry "ESP"]
[SourceTitle "EXT 2021"]
[Source "ChessBase"]
[SourceDate "2020.10.23"]
[SourceVersion "1"]
[SourceVersionDate "2020.10.23"]
[SourceQuality "1"]

1. d4 Nf6 2. Nf3 g6 3. Nc3 d5 4. Bd2 Bg7 5. Qc1 0-0 6. Bh6 Bf5 7. Bxg7 Kxg7 8. h3 Nc6 9. g4 Be4 10. Nxe4 dxe4 11. Ne5 Qxd4 12. Nxc6 bxc6 13. g5 Nd5 14. e3 Qc5 15. h4 Rab8 16. h5 Qb4+ 17. c3 Qxb2 18. h6+ Kg8 19. Qxb2 Rxb2 20. c4 Nc3 21. Rc1 Nxa2 22. Rd1 Nc3 23. Rc1 Na4 24. c5 Rfb8 25. Be2 Rb1 26. Rxb1 Rxb1+ 27. Bd1 Nc3 28. Kd2 Rxd1+ 29. Rxd1 Nxd1 30. Kxd1 f6 31. gxf6 exf6 32. Kc2 Kf7 33. Kc3 Ke6 34. Kd4 f5 0-1

[Event "ESP-ch U12"]
[Site "Salobrena"]
[Date "2020.07.28"]
[Round "3"]
[White "Iribas Garayoa, Miguel"]
[Black "Cesar Maestre, Eduardo"]
[Result "0-1"]
[WhiteElo "1163"]
[BlackElo "1449"]
[PlyCount "84"]
[EventDate "2020.07.27"]
[EventType "swiss"]
[EventRounds "9"]
[EventCountry "ESP"]
[SourceTitle "EXT 2021"]
[Source "ChessBase"]
[SourceDate "2020.10.23"]
[SourceVersion "1"]
[SourceVersionDate "2020.10.23"]
[SourceQuality "1"]

1. d4 Nf6 2. Nf3 e6 3. Nc3 d5 4. Bg5 Nbd7 5. e4 dxe4 6. Nxe4 h6 7. Bh4 Be7 8. Nxf6+ Bxf6 9. Bxf6 Nxf6 10. Bd3 0-0 11. 0-0 b6 12. c3 Bb7 13. Ne5 Qd5 14. f3 c5 15. Bc2 Rfd8 16. Bb3 Qd6 17. Rf2 cxd4 18. Nc4 Qc5 19. Kh1 dxc3 20. Qe1 cxb2 21. Nxb2 Bd5 22. Rc2 Qe7 23. Bxd5 Nxd5 24. Rd1 Qb4 25. Qxb4 Nxb4 26. Rxd8+ Rxd8 27. Rc7 Rd2 28. h3 Rxb2 29. Rxa7 Rxa2 30. Rxa2 Nxa2 31. Kg1 Nb4 32. Kf2 Nc6 33. Ke3 b5 34. Kd3 b4 35. Kc4 Kf8 36. g4 Ke7 37. f4 Kf6 38. h4 e5 39. fxe5+ Kxe5 40. g5 hxg5 41. hxg5 Kf5 42. g6 Kxg6 0-1